Be green - or no green light. (Record no. 60768)

MARC details
000 -LEADER
fixed length control field 00747cam a2200193 4500
001 - CONTROL NUMBER
control field ABS61092
008 - FIXED-LENGTH DATA ELEMENTS--GENERAL INFORMATION
fixed length control field 000000n1999 000 0 eng u
035 ## - SYSTEM CONTROL NUMBER
System control number (Sirsi) u101640
100 ## - MAIN ENTRY--PERSONAL NAME
Personal name Campbell, G.
245 ## - TITLE STATEMENT
Title Be green - or no green light.
260 ## - PUBLICATION, DISTRIBUTION, ETC.
Date of publication, distribution, etc. 1999
490 ## - SERIES STATEMENT
Series statement Estates Gazette
Volume/sequential designation (9931) 7 August 1999, 75-77(2)
520 ## - SUMMARY, ETC.
Summary, etc. The Town and Country Planning (Environmental Impact Assessment) Regulations 1999 came into force in March 1999, and requires developers to prove that new schemes are environmentally sound at the planning stage. Examines the impact of this legislation.
650 ## - SUBJECT ADDED ENTRY--TOPICAL TERM
Topical term or geographic name entry element PLANNING
650 ## - SUBJECT ADDED ENTRY--TOPICAL TERM
Topical term or geographic name entry element ENVIRONMENTAL ASSESSMENT
690 ## - LOCAL SUBJECT ADDED ENTRY--TOPICAL TERM (OCLC, RLIN)
Topical term or geographic name as entry element PROPERTY-PROPERTY DEVELOPMENT
700 ## - ADDED ENTRY--PERSONAL NAME
Personal name Bayliss, J.
942 ## - ADDED ENTRY ELEMENTS (KOHA)
Suppress in OPAC 0
Holdings
Withdrawn status Lost status Source of classification or shelving scheme Damaged status Not for loan Home library Current library Shelving location Date acquired Total Checkouts Full call number Barcode Date last seen Copy number Price effective from Koha item type
    Dewey Decimal Classification     London London Journal article 09/11/1999   ABS61092 101640-1001 06/08/2019 1 06/08/2019 Journal article